000 00419nam a22001697a 4500
003 SGT
020 _a9781489986481
082 _a616.0757
_bP13S
100 _aSAHA, GOPAL B.
245 _aPHYSICS AND RADIOLOGY OF NUCLEAR MEDICINE
250 _a4TH
260 _aNEW YORK
_bSPRINGER PUB
_c2013
300 _a356
650 _aRADIOLOGY
653 _aPHYSICS AND RADIOLOGY OF NUCLEAR MEDICINE
942 _2ddc
_cBK
999 _c25430
_d25430